| 000 | 00707nas a2200253 4500 | ||
|---|---|---|---|
| 001 | BR9801669 | ||
| 003 | BR-BrBNA | ||
| 005 | 20231205100951.0 | ||
| 007 | ta | ||
| 008 | 230509b bl.|||p| |||| 00| 00por d | ||
| 040 |
_aBR-BrBNA _bpor _cBiblioteca Nacional de Agricultura |
||
| 041 | _a(Pt) | ||
| 072 | _aL73 | ||
| 100 | 1 | _aMoro, L. | |
| 100 | 1 | _aVasconcelos, A.C. | |
| 245 | 1 | _aPatogenia da imunossupressao na cinomose canina | |
| 650 | _aCao | ||
| 650 | _aCinomose | ||
| 650 | _aPatogenicidade | ||
| 650 | _aInfeccao | ||
| 773 | 0 |
_tHora Veterinaria (Brazil) _xISSN 0101-9163 _g(Mar-Apr 1998), v. 17(102) p. 53-57 _wBR9801669 |
|
| 909 |
_a202311 _bLúcia _c55 _dLúcia Elande |
||
| 942 |
_2AGRIS _n0 _cANA |
||
| 999 |
_c159065 _d159065 |
||